| 000 | 01758nam a2200277 a 4500 | ||
|---|---|---|---|
| 001 | 79467 | ||
| 003 | BD-RjUL | ||
| 005 | 20220508153547.0 | ||
| 008 | 220227s2016 bg a|||| m||| 00| 0 ben d | ||
| 035 | _a(BD-RjUL)79467 | ||
| 040 |
_aBD-RjUL _bben / eng _cBD-RjUL _dBD-RjUL |
||
| 041 | _aben | ||
| 082 |
_a144 _bBEM 2016 _223 |
||
| 100 |
_aবেগম, মোছা. ফেরদৌসী _91603 |
||
| 245 |
_aমাইকেল মধুসূদন দত্তের সাহিত্যকর্মে মানবতাবাদ : _bএকটি দার্শনিক বিশ্লেষণ / _cমোছা. ফেরদৌসী বেগম _6তত্ত্বাবধায়ক : মো. আব্দুল হাই তালুকদার |
||
| 260 |
_aরাজশাহী : _bদর্শন বিভাগ, রাজশাহী বিশ্বিদ্যালয়, _c২০১৬ |
||
| 300 |
_aviii, [১], ২৭১ পাতা : _bচিত্র ; _c২৯ সেমি. |
||
| 502 | _aথিসিস (পিএইচ. ডি.) -- দর্শন বিভাগ, রাজশাহী বিশ্বিদ্যালয়, ২০১৬ | ||
| 504 | _aগ্রন্থপঞ্জী : পাতা [২৪৭] - ২৫৯ | ||
| 600 |
_aদত্ত, মাইকেল মধুসূদন _d১৮২৪ - ১৮৭৩ খ্রী. _xসমালোচনা ও ব্যাখ্যা _91604 |
||
| 600 |
_aDutt, Michael Madhusudan _d1824 - 1873 A.D. _xCriticism and Interpritation _91605 |
||
| 650 |
_aমানবতাবাদ _91606 |
||
| 650 |
_aHumanism _91607 |
||
| 700 |
_aতালুকদার, মো. আব্দুল হাই, তত্ত্বাবধায়ক _91608 |
||
| 942 |
_2ddc _cTHE |
||
| 999 |
_c79467 _d79467 |
||